000 01111cam a22003377a 4500
001 5595
003 FISKH
005 20241219141747.0
008 040218s2003 nyua j 000 0 eng d
010 _a 2004540517
020 _a0439524717 (pbk.)
040 _aIMF
_cIMF
_dDLC
_beng
050 _aGV1507.P47
082 _a793.73
100 1 _aMarzollo, Jean.
245 1 0 _aI spy a dinosaur's eye :
_briddles /
_cby Jean Marzollo ; photographs by Walter Wick.
250 _aThis edition first printing, May 2008
260 _aNew York :
_bScholastic,
_c2003.
300 _a30 unnumbered pages :
_bcolor illustrations ;
_c23 cm
440 0 _aBeginning reader.
_nLevel 1
500 _a"Cartwheel Books."
520 _aSimple text challenges the reader to find objects hidden in the photographs.
521 8 _a70
_bLexile estimate
521 8 _aA
_bRaz-Plus
650 0 _aPicture puzzles
_vJuvenile literature.
650 1 _aPicture puzzles.
700 1 _aWick, Walter,
_d1953-
_eillustrator
906 _a7
_bcbc
_ccopycat
_d2
_encip
_f20
_gy-gencatlg
942 _2ddc
_cBK
_n0
999 _c5595
_d5595